Datum a čas kvízu
41.5
Celkem bodů
Celkový počet nahraných bodů na tomto kvízu bez doplňovacích otázek.
3.
Pořadí na kvízu
Konečné umístění týmu na tomto kvízu.
Zaznamenané odpovědi
| # | Otázka | Odpověď | Body | Výsledky |
|---|---|---|---|---|
| 1. | V pondělí ukončil své členství... | Tomáš Macura | 1 | |
| 2. | Ve středu zprostil soud bývalé... | Silvio Berlusconi | 1 | |
| 3. | Minulý týden měl premiéru v ki... | D) různé formy polyamorie a otevřených vztahů | 1 | |
| 4. | Minulý týden jsme se dozvěděli... | Eiffel Optic | 1 | |
| 5. | Jeden český vrcholový sportove... | Jakub Jankto | 1 | |
| 6. | V tomto tématu se budeme věnov... | B | 1 | |
| 7. | Další bod získáte, když správn... | pizzou | 0 | |
| 8. | Nyní nabízíme dvě poloviny bod... | Hanebný pancharti, Hans Landa | 1 | |
| 9. | Věříme, že animák Ratatouille... | C | 1 | |
| 10. | Vzpomenete si na název filmu,... | Adéla ještě nevečeřela, talián | 1 |